Applied physics letters

Gespeichert in:
Bibliographische Detailangaben
Format: Schriftenreihe
Sprache:Englisch
Veröffentlicht: Woodbury : American Institute of Physics
Schlagworte:
ISSN:0003-6951
Online-Zugang: Volltext
Tags: Tag hinzufügen
Keine Tags, Fügen Sie den ersten Tag hinzu!

MARC

LEADER 00000nas a2200000 4500
003 SK-BrCVT
005 20241218132318.0
008 060515u199u9999xxu e b eng
022 |a 0003-6951 
035 |a CVTIDW1253497 
040 |b slo  |a BA002  |e AACR2  |c CVTI SR  |d CVT 
041 0 |a eng 
044 |a xxu  |c US 
080 |a 53(05)  |2 UDC-MRF 
245 1 0 |a Applied physics letters 
260 |a Woodbury :  |b American Institute of Physics 
310 |a Týždenník 
500 |a Vo fonde od roku: 1974 
500 |a V r. 1976-93 nedochádzal. 
500 |a Od r. 1996 zrušený odber. 
653 1 |a fyzika  |a aplikovaná fyzika 
655 4 |a časopisy  |9 34804 
910 |b C5650 
942 |2 udc  |c 15 
999 |c 157870  |d 157870 
974 |b Soňa Beutelhauserová